000 00952nam a2200217Ia 4500
999 _c38873
_d38873
001 5286
003 GE_BSU
005 20190426175240.0
008 181216s1973||||ge |||||||||||||| ||geo||
040 _cGE_BSU
041 _ageo
080 _a691.328(075.8) წ-86
100 _aწულეისკირი, მ.
_9497
245 _aრკინაბეტონის ზოგადი კურსი :
_bსახელმძღვ. :
_cმ. წულეისკირი ; რედ. გ. ქარცივაძე.
264 _aთბილისი :
_bგანათლება,
_c1973.
300 _a418 გვ. :
_bნახაზები, დანართები ;
_c22 სმ.
505 _aბიბლიოგრ. : გვ. 415-416.
653 _aრკინაბეტონის ზოგადი კურსი
700 _aქარცივაძე, გ.
_eრედაქტორი
_9439
942 _cBK
_2udc